| 000 | 00892nam a22002537a 4500 | ||
|---|---|---|---|
| 005 | 20160212141411.0 | ||
| 010 | _a1516EN07 ENG-114517 | ||
| 020 |
_a9789332542891 _c599.00 |
||
| 035 | _aEN-98049 | ||
| 035 | _aB-614863-875 | ||
| 037 |
_aDPL _bTechniz/Ven |
||
| 037 | _bDBAD/PUB | ||
| 082 | _a530.12 | ||
| 100 | _aGriffiths, David J. | ||
| 245 |
_aIntroduction to quantum mechanics / _cby David J.Griffiths |
||
| 250 | _a2nd ed | ||
| 260 |
_aNew Delhi _bPearson Education _c2016 |
||
| 270 |
_a11 Community Center, Panchsheel Park _bNew Delhi _e110017 |
||
| 300 |
_axii,480p. : _c24cm(pbk) _bill. |
||
| 500 | _aIncludes index | ||
| 650 | _a Quantum theory. | ||
| 942 |
_2ddc _cEN _mGRI _h530.12 |
||
| 999 |
_c95959 _d95959 |
||